000 00337 a2200145 4500
001 149779
040 _cEscola São Tomás de Aquino
100 _aPORTO, Cristina
240 1 0 _aSerafina sem rotina
_lpor
245 1 0 _aSerafina sem rotina
362 0 _a1998
440 1 _aÁtica
697 _a*LITERATURA INFANTO JUVENIL
942 _cBK
999 _c149779
_d149779